00410nam a2200157Ia 4500003000400000005001700004008004100021020001800062040000900080082002100089100001500110245006000125260004700185300000900232650001100241OSt20200925130400.0190216s9999||||xx |||||||||||||| ||und|| a9788187134060 coclc a570.15195bPAD/B aPadmini, E 0aBiochemical Calculations And Biostatistics /cE Padmini bBooks And Allied Pvt Ltd,c2007.aKolkata: a305p aBotany